000 00934nam a22003377a 4500
001 BR9300214
003 BR-BrBNA
005 20230928093802.0
007 ta
008 230509b bl.||||| |||| 00| 0 por d
040 _aBR-BrBNA
_bpor
_cBiblioteca Nacional de Agricultura
041 _a(Por)
072 _aE70
090 _ E70 BR9300214
110 1 _aComissao Estadual de Planejamento Agricola, Manaus, AM (Brasil)
_92054
245 1 _aInforme sobre acompanhamento conjuntural da producao, da comercializacao e do abastecimento de produtos agricolas. Novembro/82
260 3 _aManaus, AM (Brasil):
_c1982.
300 _a34 p.
650 _aArroz
650 _aFeijao
650 _aMilho
650 _aMandioca
650 _aTomate
650 _aAlho
650 _aBatata
650 _aCebola
650 _aComercializacao
650 _aAbastecimento
909 _a202309
_bLucia
_c55
_dLucia Elande
942 _cBK
999 _c47094
_d47094